Oxford business English dictionary for learners of English edited by: Dilys Parkinson

Gespeichert in:
Bibliographische Detailangaben
Weitere Verfasser: Parkinson, Dilys, Noble, Joseph
Format: Buch
Sprache:Englisch
Veröffentlicht: Oxford Oxford University Press 2008
Schlagworte:
Tags: Tag hinzufügen
Keine Tags, Fügen Sie das erste Tag hinzu!

MARC

LEADER 00000nam a2200000 4500
001 0142026
005 20240315121758.5
020 |a 0-19-431617-3 
020 |a 978-0-19-431617-0 
041 0 |a eng 
044 |a GB 
245 1 0 |a Oxford business English dictionary for learners of English  |b edited by: Dilys Parkinson  |c assisted by: Joseph Noble 
264 1 |a Oxford  |b Oxford University Press  |c 2008 
300 |a 616 s.  |e 1 CD-ROM 
610 2 0 |a jazykoveda 
610 2 0 |a terminológia 
610 2 0 |a pojmy 
610 2 0 |a angličtina 
610 2 0 |a tezaury 
700 1 |a Parkinson, Dilys 
700 1 |a Noble, Joseph